| 000 | 00471nam a22001457a 4500 | ||
|---|---|---|---|
| 008 | 150922b xxu||||| |||| 00| 0 eng d | ||
| 020 | _a0393972917 | ||
| 050 | _aPS 507.N65 1999 | ||
| 100 | _aBaym,Nina. | ||
| 245 |
_aThe Norton anthology of America literature. _cNina Baym. |
||
| 250 | _a5th ed | ||
| 260 |
_aNewYork: _bW.W.Norton, _c1999. |
||
| 300 |
_axxxii,2879p. _bIncludes bibliographical references and index |
||
| 942 |
_2lcc _cBOOKS _hPS 507.N65 1999 |
||
| 999 |
_c6140 _d6140 |
||